| 000 | 00466nam a2200181Ia 4500 | ||
|---|---|---|---|
| 005 | 20250423095305.0 | ||
| 008 | 250422s9999 xx 000 0 und d | ||
| 020 | _a0-618-83344-3 | ||
| 050 | _aHD 30 .28 .H528/ | ||
| 100 | _aHill, Charles W. L. | ||
| 245 | 0 | _aEssentials of strategic management | |
| 260 | _aBoston | ||
| 260 | _bHoughton Mifflin Company | ||
| 260 | _c2008 | ||
| 300 | _a244 p | ||
| 650 | _aIntroduction to strategic management | ||
| 942 | _cBK | ||
| 999 |
_c29823 _d29823 |
||